<?xml version="1.0" encoding="UTF-8"?><?xml-stylesheet type="text/xsl" href="static/style.xsl"?><OAI-PMH xmlns="http://www.openarchives.org/OAI/2.0/" xmlns:xsi="http://www.w3.org/2001/XMLSchema-instance" xsi:schemaLocation="http://www.openarchives.org/OAI/2.0/ http://www.openarchives.org/OAI/2.0/OAI-PMH.xsd"><responseDate>2026-04-30T04:59:11Z</responseDate><request verb="GetRecord" identifier="oai:uvadoc.uva.es:10324/4247" metadataPrefix="marc">https://uvadoc.uva.es/oai/request</request><GetRecord><record><header><identifier>oai:uvadoc.uva.es:10324/4247</identifier><datestamp>2021-06-29T09:42:19Z</datestamp><setSpec>com_10324_38</setSpec><setSpec>col_10324_852</setSpec></header><metadata><record xmlns="http://www.loc.gov/MARC21/slim" xmlns:doc="http://www.lyncode.com/xoai" xmlns:xsi="http://www.w3.org/2001/XMLSchema-instance" xmlns:dcterms="http://purl.org/dc/terms/" xsi:schemaLocation="http://www.loc.gov/MARC21/slim http://www.loc.gov/standards/marcxml/schema/MARC21slim.xsd">
<leader>00925njm 22002777a 4500</leader>
<datafield tag="042" ind1=" " ind2=" ">
<subfield code="a">dc</subfield>
</datafield>
<datafield tag="720" ind1=" " ind2=" ">
<subfield code="a">Llamedo Espina, Vanessa</subfield>
<subfield code="e">author</subfield>
</datafield>
<datafield tag="260" ind1=" " ind2=" ">
<subfield code="c">2013</subfield>
</datafield>
<datafield tag="520" ind1=" " ind2=" ">
<subfield code="a">Se trata de un Trabajo Fin de Grado (TFG) en el que se lleva a cabo una investigación de corte cualitativo. En concreto se trata de una Historia de Vida de Cuqui, una persona que pasa 15 años en la cárcel de La Moraleja (Dueñas) y logra, aparentemente, reinsertarse en la sociedad. A partir de esta investigación se analizan las posibilidades de reinserción sociolaboral de los presos tomando como referencia el Sistema Penal Penitenciario y los programas específicos que se proponen desde los centros penitenciarios. Los datos nos llevan a cuestionarnos y justificar el trabajo de los educadores sociales en este tipo de contextos.</subfield>
</datafield>
<datafield tag="024" ind2=" " ind1="8">
<subfield code="a">http://uvadoc.uva.es/handle/10324/4247</subfield>
</datafield>
<datafield ind1=" " ind2=" " tag="653">
<subfield code="a">Integración social</subfield>
</datafield>
<datafield tag="245" ind1="0" ind2="0">
<subfield code="a">La reinserción en los centros penitenciarios españoles : una historia de vida para valorar el paso de la teoría a la práctica</subfield>
</datafield>
</record></metadata></record></GetRecord></OAI-PMH>